Online Catalogue and eLibrary

Politics Philosophy culture (Record no. 5909)

MARC details
000 -LEADER
fixed length control field 00452nam a22001817a 4500
005 - DATE AND TIME OF LATEST TRANSACTION
control field 20240712065439.0
008 - FIXED-LENGTH DATA ELEMENTS--GENERAL INFORMATION
fixed length control field 240712b |||||||| |||| 00| 0 eng d
020 ## - INTERNATIONAL STANDARD BOOK NUMBER
ISBN 0415901499
082 ## - DDC Classification
DDC Edition Number 22
Class No. 2430
Item Number - Author Mark MIC
100 ## - MAIN ENTRY--PERSONAL NAME
Personal name Foucault, Michel
245 ## - TITLE STATEMENT
Title Politics Philosophy culture
Statement of responsibility, etc. Michel, Foucault
260 ## - PUBLICATION, DISTRIBUTION, ETC.
Place of publication, distribution, etc. London
Name of publisher, distributor, etc. Routledge
Date of publication, distribution, etc. 1988
300 ## - PHYSICAL DESCRIPTION
Extent (e.g. Volumes, Pages etc.) xxv, 330 p .,
650 ## - SUBJECT ADDED ENTRY--TOPICAL TERM
Topical term or geographic name entry element political
650 ## - SUBJECT ADDED ENTRY--TOPICAL TERM
Topical term or geographic name entry element Philosophy
650 ## - SUBJECT ADDED ENTRY--TOPICAL TERM
Topical term or geographic name entry element Culture
942 ## - Koha item type (Biblio)
Koha item type Books in Stacks (Lending)
Holdings
Lost status Damaged status Collection code Home library Current library Date acquired Accession Number Item type
    Lending WERC Library WERC Library 07/12/2024 2430 Books in Stacks (Lending)

© WERC Library